Anniversaire des grands joueurs de football - Statistiques

Statistiques générales
  • Ce quiz a été pris 19 fois
  • Le résultat moyen est 7 sur 18
Statistiques - réponses
Joueurs Anniversaire % Correct
Kylian Mbappé 20 Decembre 1998
94%
Cristiano Ronaldo 5 Février 1985
78%
Neymar Jr 5 Février 1992
78%
Lionel Messi 24 Juin 1987
50%
Lamine Yamal 13 Juillet 2007
44%
Eduardo Camavinga 10 Novembre 2002
33%
Zinedine Zidane 23 Juin 1972
33%
Harry Kane 28 Juillet 1993
33%
Khvicha Kvaratskhelia 12 Février 2001
28%
Vinicius Jr 12 Juillet 2000
28%
Robert Lewandowski 21 Aout 1988
28%
Erling Haaland 21 Juillet 2000
28%
Arda Güller 25 février 2005
28%
Aurelien Tchouameni 27 Janvier 2000
28%
Victor Osimhen 29 Decembre 1998
28%
Florian Wirtz 3 Mai 2003
28%
Heung Min Son 8 Juillet 1992
28%
Rodrygo Goes 9 Janvier 2001
28%
Aucun quiz correspondant
Distribution des résultats
% des personnes avec chaque résultat
Percentile par nombre de réponses
Votre historique - résultats
Vous n’avez pas pris ce quiz